书目信息 |
| 题名: |
铁路智能运输系统
|
|
| 作者: | 贾利民 , 李平 著 | |
| 分册: | ||
| 出版信息: | 北京 中国铁道出版社 2004 |
|
| 页数: | ||
| 开本: | 26cm | |
| 丛书名: | ||
| 单 册: | ||
| 中图分类: | U29-39 | |
| 科图分类: | ||
| 主题词: | 铁路运输--管理工程 | |
| 电子资源: | ||
| ISBN: | 7-113-06073-0 | |
| 000 | 00679nam0 2200217 450 | |
| 001 | 0643302093 | |
| 005 | 20061121161535.00 | |
| 010 | @a7-113-06073-0@dCNY 65.00 | |
| 100 | @a20061106d2004 km y0chiy0120 ea | |
| 101 | 0 | @achi |
| 102 | @aCN@b110000 | |
| 200 | 1 | @a铁路智能运输系统@Atie lu zhi neng yun shu xi tong@e体系框架与标准体系@f贾利民,李平著@Fjia li min,li ping zhu |
| 210 | @a北京@c中国铁道出版社@d2004 | |
| 215 | @d26cm | |
| 517 | 1 | @a体系框架与标准体系@Ati xi kuang jia yu biao zhun ti xi |
| 606 | 0 | @a铁路运输@x管理工程 |
| 690 | @aU29-39@v4 | |
| 701 | 0 | @a贾利民@Ajia li min@4著 |
| 701 | 0 | @a李平@Ali ping@4著 |
| 801 | @aCN@c20061121 | |
| 905 | @a10447@dU29-39@eJ244 | |
| 铁路智能运输系统:体系框架与标准体系/贾利民,李平著.-北京:中国铁道出版社,2004 |
| 26cm |
| ISBN 7-113-06073-0:CNY 65.00 |
| ● |
| 相关链接 |
|
|
|
正题名:铁路智能运输系统
索取号:U29-39/J244
 
预约/预借
| 序号 | 登录号 | 条形码 | 馆藏地/架位号 | 状态 | 备注 |
| 1 | 612428 | 206124282 | 自科库501/501自科库 50排3列3层/ [索取号:U29-39/J244] | 在馆 | |
| 2 | 612429 | 206124291 | 土木与交通工程学院资料室/土木与交通学院资料室 1排1列1层/ [索取号:U29-39/J244] | 在馆 | |
| 3 | 612430 | 206124308 | 土木与交通工程学院资料室/土木与交通学院资料室 1排1列1层/ [索取号:U29-39/J244] | 在馆 |